| 000 | 00343nam a22001217a 4500 | ||
|---|---|---|---|
| 999 |
_c468 _d468 |
||
| 005 | 20200813113235.0 | ||
| 008 | 200813b ||||| |||| 00| 0 eng d | ||
| 020 | _a08070 | ||
| 040 | _cCML | ||
| 245 |
_aThe Evolution of Human Nature. _cHerrick C.J. |
||
| 260 |
_aAmerica _bHapper Torchbooks _c1967 |
||
| 942 |
_2ddc _cBK _e1 _h155 _mHER |
||